000 00893nam a2200277Ia 4500
005 20260429112136.0
008 260429s9999||||xx |||||||||||||| ||und||
020 _a9780323972826
041 _aEnglish
082 _a620.197
_bRAM
100 _aRamnath, R. Arun
245 0 _aBiocomposites - bio-based fibers and polymers from renewable resources :
_bprocessing, performance, durability and applications /
_cR. Arun Ramnath
250 _a1st ed.
260 _aAmsterdam :
_bElsevier,
_c2024.
300 _axv, 326 p.; pbk
440 _aWoodhead publishing series in composites science and engineering
650 _a Fiber and Polymers
650 _a Renewable resources
650 _aBiocomposites
700 _a Fischer, Steffen
700 _a Gorbatyuk, Sergey M.
700 _a Sanjay, M. R.
700 _a Siengchin, Suchart
700 _aSoutis, Costas
942 _cTB
999 _c52567
_d52567